[Event "FIDE WCCC U12 2018"]
[Site "Santiago de Compostela"]
[Date "2018.11.05"]
[Round "2"]
[White "Djurovic, Peko"]
[Black "Chasin, Nico"]
[Result "0-1"]
[WhiteElo "1887"]
[BlackElo "2189"]
[Annotator "NA"]
[PlyCount "98"]
[EventDate "2018.11.04"]
[EventType "swiss"]
[EventCountry "ESP"]
[SourceTitle "playchess.com"]
[Source "ChessBase"]
[SourceQuality "1"]
[TimeControl "40/5400+30:1800+30"]

{[%evp 12,97,0,32767,32767,32767,32767,2,-32,-14,32767,32767,32767,32767,32767,32767,-13,-31,32767,32767,32767,32767,-10,-36,-19,-75,-53,-70,-38,-39,-8,32767,32767,32767,32767,32767,32767,-112,-56,-52,-51,-61,-61,-50,-54,-55,-50,32767,32767,-4,-19,-22,-8,0,0,-27,0,32767,32767,32767,32767,-214,32767,32767,32767,32767,32767,32767,32767,-152,-115,32767,-12,-379,-441,-493,-715,-785,-402,-1084,32767,32767,-4618,-5967,-29990,-29990,32767,-29999]} 1. e4 {[%emt 0:00:00]} e5 {[%emt 0:00:00]} 2. Nf3 {[%emt 0:00:00]} Nc6 {[%emt 0:00:00]} 3. Bb5 {[%emt 0:00:00]} a6 {[%emt 0:00:00]} 4. Ba4 {[%emt 0:00:03]} Nf6 {[%emt 0:00:38]} 5. d4 {[%emt 0:01:24]} exd4 {[%emt 0:00:09]} 6. O-O {[%emt 0:00:09]} Be7 {[%emt 0:02:51]} 7. e5 {[%emt 0:00:12]} Ne4 {[%emt 0:00:07]} 8. Re1 {[%emt 0:00:06]} Nc5 {[%emt 0:00:05]} 9. Bxc6 {[%emt 0:00:08]} dxc6 {[%emt 0:00:05]} 10. Nxd4 {[%emt 0:00:10]} Ne6 {[%emt 0:00:06] C84: Closed Ruy Lopez: Unusual White 6th moves} 11. Nf5 {[%emt 0:04:32]} Qxd1 {[%emt 0:00:08]} 12. Rxd1 {[%emt 0:00:07]} Bf8 {[%emt 0:00:04]} 13. Nc3 {[%emt 0:02:55]} (13. Be3 h5 14. Ng3 Nc5 15. Nc3 h4 16. Nge2 h3 17. g3 Bg4 18. Rd4 {1-0 (41) Gashimov,V (2733)-Tkachiev,V (2636) Warsaw 2010}) 13... Bd7 {[%emt 0:08:45]} 14. Be3 {[%emt 0:07:01] LiveBook: 4 Games} O-O-O {[%emt 0:06:24]} 15. Ne4 {[%emt 0:07:07]} h6 {[%emt 0:06:15]} 16. a4 $146 {[%emt 0:09:01]} ({Predecessor:} 16. Rd2 g6 17. Nfg3 Bg7 18. Nf6 {0-1 (77) Erdelyi,Z (2380)-Solomon,K (2369) Budapest 2009}) 16... a5 {[%emt 0:14:34]} 17. c3 {[%emt 0:06:03]} c5 {[%emt 0:05:04]} 18. c4 {[%emt 0:09:45]} g6 {[%emt 0:07:11]} 19. Nfg3 {[%emt 0:01:38]} Be7 {[%emt 0:02:04]} 20. Nc3 $1 {[%emt 0:05:07]} f5 {[%emt 0:02:43]} 21. Nd5 {[%emt 0:11:54]} Bf8 {[%emt 0:01:34]} 22. f4 {[%emt 0:01:57]} Bc6 {[%emt 0:00:51]} 23. b3 {[%emt 0:01:34]} Nd4 {[%emt 0:00:06]} 24. Nc3 {[%emt 0:11:35]} Be7 {[%emt 0:02:35]} 25. Rab1 $1 {[%emt 0:07:16]} b6 {[%emt 0:01:13]} 26. Nb5 {[%emt 0:01:56]} Nxb5 {[%emt 0:01:06]} 27. axb5 {[%emt 0:00:11]} Bb7 {[%emt 0:00:24]} 28. Rbc1 {[%emt 0:05:17]} c6 {[%emt 0:01:01]} 29. bxc6 {[%emt 0:02:09]} Bxc6 {[%emt 0:00:13]} 30. Ne2 $1 {[%emt 0:00:15]} Be4 {[%emt 0:00:50]} 31. Nc3 Rxd1+ {[%emt 0:00:48]} 32. Nxd1 {[%emt 0:04:45]} Rd8 {[%emt 0:02:47]} 33. Nc3 Rd3 34. Kf2 {[%emt 0:00:37]} Kd7 {[%emt 0:08:05]} 35. Ke2 {[%emt 0:01:51]} Ke6 {[%emt 0:00:37]} 36. g4 $2 {[%emt 0:00:43]} (36. Bd2 $11) 36... g5 {[%emt 0:00:43]} 37. Nxe4 {[%emt 0:00:31]} fxe4 {[%emt 0:00:49]} 38. Rd1 {[%emt 0:00:27]} gxf4 {[%emt 0:01:36]} 39. Bxf4 {[%emt 0:00:20]} Rxb3 {[%emt 0:00:10]} 40. Bxh6 {[%emt 0:00:00]} a4 (40... Kxe5 $19 41. Rd5+ Ke6) 41. g5 {[%emt 0:01:29] [#]} Rh3 {[%emt 0:07:53]} ({Much worse is} 41... Kxe5 $6 42. g6 $11) (41... Kf5 $1 $17 42. h4 a3) 42. Rb1 $2 {[%emt 0:06:42]} (42. Rg1 $1 $11 Rxh2+ 43. Ke3) 42... Kxe5 {[%emt 0:04:55]} 43. Rxb6 {[%emt 0:08:40]} a3 {[%emt 0:00:31]} 44. Bg7+ {[%emt 0:03:31]} Kf4 {[%emt 0:00:25]} 45. g6 {[%emt 0:02:59]} (45. Rh6 $142 Re3+ 46. Kd1) 45... Rxh2+ {[%emt 0:00:56]} 46. Ke1 {[%emt 0:01:35]} Bh4+ {[%emt 0:00:43]} 47. Kf1 {[%emt 0:00:57]} Kf3 {[%emt 0:05:13]} 48. Kg1 {[%emt 0:03:09]} Rh3 {[%emt 0:00:08]} 49. Kf1 {[%emt 0:04:21]} Rh1# {[%emt 0:00:08]} 0-1

[Event "FIDE WCCC U12 2018"]
[Site "Santiago de Compostela"]
[Date "2018.11.05"]
[Round "2"]
[White "Deng, Yu Dong Michael"]
[Black "Grebnev, Aleksey"]
[Result "0-1"]
[WhiteElo "1863"]
[BlackElo "2151"]
[Annotator "TA"]
[PlyCount "74"]
[EventDate "2018.11.04"]
[EventType "swiss"]
[EventCountry "ESP"]
[SourceTitle "playchess.com"]
[Source "ChessBase"]
[SourceQuality "1"]

{[%evp 17,74,0,62,57,71,63,61,56,77,74,70,66,77,60,83,81,97,103,151,89,76,30,62,43,84,42,51,56,71,25,71,0,9,-79,-85,-204,-182,-267,-229,-521,-512,-1013,-1010,-1088,-1050,-6370,-6239,-6370,-6328,-6286,-6279,-5514,-5502,-1588,-886,-886,-868,-860,-803]} 1. d4 Nf6 2. c4 g6 3. Nc3 Bg7 4. e4 d6 5. f3 O-O 6. Be3 Nbd7 7. Bd3 c5 8. Nge2 cxd4 9. Nxd4 Ne5 ({Black should play} 9... e6 $1 $11) 10. O-O {E81: King's Indian: Sämisch: 6th move deviations (including 6 Be3 c6)} (10. Be2 Bd7 11. O-O Qa5 12. Qd2 Rfc8 13. b3 a6 14. Rfc1 Rab8 15. Rab1 Qd8 16. Kh1 h5 17. Rd1 Qf8 {0-1 (61) Antoniewski,R (2585)-Pruijssers,R (2475) Rogaska Slatina 2011}) 10... Bd7 11. Rc1 Rc8 12. b3 {White is slightly better.} a6 13. Be2 Qa5 14. Qd2 Rfd8 $146 ({Predecessor:} 14... Rfe8 15. Rfd1 Nc6 16. Nxc6 Bxc6 17. Nd5 Qxd2 18. Nxf6+ Bxf6 19. Rxd2 {0-1 (56) Frijling,J (1727)-De Kruif,K (1993) Vale 2017}) 15. Rfd1 e6 16. Bg5 Qb6 17. Kh1 Be8 18. h4 (18. Qf4 $142 Ned7 19. Qh4) 18... Qc7 19. f4 Nc6 20. f5 Bd7 21. fxe6 fxe6 22. Nxc6 Bxc6 23. Qf4 Rd7 24. Bxf6 (24. Nd5 $16 exd5 25. cxd5) 24... Rf8 25. Bg4 ({Reject} 25. e5 dxe5 26. Qg3 (26. Rxd7 Qxd7 27. Qg3 Rxf6 $17) 26... Rxf6 $17) (25. Nd5 $11 exd5 26. cxd5 Rxf6 27. Qe3) 25... Rxf6 $17 26. Qd2 {[#]} (26. Qg3 $17 {was necessary.}) 26... Rdf7 $1 $19 27. Qd3 (27. Nd5 {might work better.} exd5 28. cxd5) 27... Qe7 {Strongly threatening ...Rf4.} 28. c5 $2 (28. g3 {was called for.}) 28... Rf4 {Black is clearly winning.} 29. cxd6 (29. Qg3 $142 dxc5 30. Bh3) 29... Qxh4+ 30. Bh3 {[#]} Rf3 $1 {[%mdl 512]} 31. Qd2 (31. Qxf3 Rxf3) 31... Bh6 32. Qe2 Bxc1 33. Rxc1 Rxh3+ 34. gxh3 Qxh3+ 35. Qh2 Rf1+ 36. Rxf1 Qxf1+ 37. Qg1 Qf3+ {Precision: White = 34%, Black = 45%.} 0-1

[Event "FIDE WCCC U12 2018"]
[Site "Santiago de Compostela"]
[Date "2018.11.05"]
[Round "2"]
[White "Moll Gener, Joan"]
[Black "Chyzy, Jakub"]
[Result "0-1"]
[WhiteElo "1862"]
[BlackElo "2136"]
[Annotator "ChessBase"]
[PlyCount "198"]
[EventDate "2018.11.04"]
[EventType "swiss"]
[EventCountry "ESP"]
[SourceTitle "playchess.com"]
[Source "ChessBase"]
[SourceQuality "1"]
[TimeControl "40/5400+30:1800+30"]

1. e4 {[%emt 0:00:00]} e5 {[%emt 0:00:00]} 2. Nf3 {[%emt 0:00:00]} Nc6 {[%emt 0:00:00]} 3. Bc4 {[%emt 0:01:28]} Nf6 {[%emt 0:00:00]} 4. d4 {[%emt 0:01:03]} exd4 {[%emt 0:00:20]} 5. O-O {[%emt 0:00:21]} Nxe4 {[%emt 0:00:23]} 6. Re1 {[%emt 0:00:12]} d5 {[%emt 0:00:15]} 7. Bxd5 {[%emt 0:00:13]} Qxd5 {[%emt 0:00:07]} 8. Nc3 {[%emt 0:00:07]} Qh5 {[%emt 0:00:27]} 9. Nxe4 {[%emt 0:00:30]} Be6 {[%emt 0:00:14]} 10. Bg5 {[%emt 0:02:27]} Bd6 {[%emt 0:01:02]} 11. Bf6 {[%emt 0:04:24]} Bxh2+ {[%emt 0:00:33]} 12. Nxh2 {[%emt 0:00:23]} Qxd1 {[%emt 0:00:05]} 13. Raxd1 {[%emt 0:00:35]} gxf6 {[%emt 0:00:08]} 14. Nxf6+ {[%emt 0:00:59]} Ke7 {[%emt 0:00:22]} 15. Ne4 {[%emt 0:04:41]} Rad8 {[%emt 0:11:28]} 16. Nf3 {[%emt 0:02:56]} b6 {[%emt 0:18:14]} 17. Rd2 {[%emt 0:08:17]} Rd7 {[%emt 0:05:16]} 18. Ng3 {[%emt 0:09:11]} Rhd8 {[%emt 0:05:17]} 19. Ng5 {[%emt 0:09:34]} Kf6 {[%emt 0:01:32]} 20. N3e4+ {[%emt 0:02:45]} Kg7 {[%emt 0:13:03]} 21. Nxe6+ {[%emt 0:05:46]} fxe6 {[%emt 0:00:06]} 22. Ng5 {[%emt 0:00:47]} Kf6 {[%emt 0:00:27]} 23. Rxe6+ {[%emt 0:05:23]} Kxg5 {[%emt 0:00:11]} 24. Rxc6 {[%emt 0:00:14]} Re8 {[%emt 0:03:21]} 25. f3 {[%emt 0:06:22]} h5 {[%emt 0:20:48]} 26. Kf2 {[%emt 0:05:22]} h4 {[%emt 0:02:27]} 27. Rc4 {[%emt 0:04:01]} c5 {[%emt 0:00:49]} 28. b4 {[%emt 0:02:51]} Rd5 {[%emt 0:02:30]} 29. bxc5 {[%emt 0:04:02]} bxc5 30. Rd3 {[%emt 0:03:23]} Rde5 {[%emt 0:04:48]} 31. Rd2 {[%emt 0:00:43]} Rd5 {[%emt 0:03:17]} 32. Ra4 {[%emt 0:04:55]} Re7 {[%emt 0:00:43]} 33. c4 {[%emt 0:02:08]} Rde5 {[%emt 0:01:46]} 34. Ra3 {[%emt 0:00:58]} Kf4 {[%emt 0:00:37]} 35. Ra6 {[%emt 0:01:02]} R5e6 {[%emt 0:01:37]} 36. Ra5 {[%emt 0:00:36]} Rc6 {[%emt 0:01:00]} 37. Rd3 {[%emt 0:02:38]} a6 {[%emt 0:00:37]} 38. Rda3 {[%emt 0:00:32]} Ree6 {[%emt 0:00:48]} 39. Rd3 {[%emt 0:01:07]} Re3 {[%emt 0:01:29]} 40. Rxc5 {[%emt 0:00:00]} Rxd3 {[%emt 0:00:00]} 41. Rxc6 {[%emt 0:02:51]} Rd2+ {[%emt 0:01:50]} 42. Kf1 {[%emt 0:03:36]} Rxa2 {[%emt 0:02:37]} 43. Re6 {[%emt 0:01:22]} d3 {[%emt 0:03:02]} 44. Re4+ {[%emt 0:00:29]} Kg5 {[%emt 0:01:21]} 45. Rd4 {[%emt 0:00:55]} Rd2 {[%emt 0:01:17]} 46. Rg4+ {[%emt 0:01:36]} Kh5 {[%emt 0:00:59]} 47. g3 {[%emt 0:03:17]} hxg3 {[%emt 0:21:40]} 48. Rxg3 {[%emt 0:00:29]} a5 {[%emt 0:00:38]} 49. f4 {[%emt 0:04:00]} a4 {[%emt 0:01:07]} 50. Ke1 {[%emt 0:03:32]} Re2+ {[%emt 0:00:34]} 51. Kd1 {[%emt 0:01:27]} a3 {[%emt 0:00:08]} 52. Rxd3 {[%emt 0:00:33]} a2 {[%emt 0:00:09]} 53. Kxe2 {[%emt 0:01:26]} a1=Q {[%emt 0:00:07]} 54. c5 {[%emt 0:00:19]} Qa2+ {[%emt 0:01:08]} 55. Kf3 {[%emt 0:00:51]} Kg6 {[%emt 0:00:56]} 56. Ke4 {[%emt 0:00:33]} Qc4+ {[%emt 0:00:35]} 57. Rd4 {[%emt 0:00:19]} Qxc5 {[%emt 0:00:12]} 58. Rd5 {[%emt 0:00:13]} Qc2+ {[%emt 0:00:30]} 59. Kf3 {[%emt 0:00:52]} Qc6 {[%emt 0:00:59]} 60. Ke4 {[%emt 0:00:09]} Kf6 {[%emt 0:00:14]} 61. Kd4 {[%emt 0:01:29]} Qa4+ {[%emt 0:00:18]} 62. Ke3 {[%emt 0:00:09]} Qa3+ {[%emt 0:00:25]} 63. Ke4 {[%emt 0:00:13]} Qa8 {[%emt 0:01:41]} 64. Kd4 {[%emt 0:00:10]} Qa4+ {[%emt 0:00:24]} 65. Ke3 {[%emt 0:00:11]} Qa3+ {[%emt 0:00:34]} 66. Ke4 {[%emt 0:00:05]} Qb4+ {[%emt 0:00:07]} 67. Ke3 {[%emt 0:00:28]} Qe1+ {[%emt 0:00:07]} 68. Kd4 {[%emt 0:00:13]} Qd2+ {[%emt 0:00:45]} 69. Ke4 {[%emt 0:00:07]} Qe2+ {[%emt 0:00:12]} 70. Kd4 {[%emt 0:00:06]} Qf3 {[%emt 0:00:42]} 71. f5 {[%emt 0:00:30]} Qf4+ {[%emt 0:00:22]} 72. Kc5 {[%emt 0:00:10]} Qc7+ {[%emt 0:00:20]} 73. Kd4 {[%emt 0:00:40]} Qb6+ {[%emt 0:00:12]} 74. Kc4 {[%emt 0:00:18]} Qc6+ {[%emt 0:00:21]} 75. Kd4 {[%emt 0:00:03]} Qb6+ {[%emt 0:00:37]} 76. Kc4 {[%emt 0:00:06]} Qa6+ {[%emt 0:00:16]} 77. Kd4 {[%emt 0:00:09]} Qc6 {[%emt 0:00:06]} 78. Rc5 {[%emt 0:00:24]} Qa4+ {[%emt 0:01:05]} 79. Kc3 {[%emt 0:00:15]} Qe4 {[%emt 0:00:46]} 80. Kb3 {[%emt 0:00:48]} Qb7+ {[%emt 0:00:25]} 81. Kc4 {[%emt 0:00:06]} Qa8 {[%emt 0:01:22]} 82. Kb5 {[%emt 0:01:22]} Qb7+ {[%emt 0:00:32]} 83. Kc4 {[%emt 0:00:11]} Ke7 {[%emt 0:00:25]} 84. Rd5 {[%emt 0:00:53]} Qa6+ {[%emt 0:00:19]} 85. Kd4 {[%emt 0:00:20]} Qb6+ {[%emt 0:00:38]} 86. Ke4 {[%emt 0:00:14]} Kf6 {[%emt 0:00:29]} 87. Kd3 {[%emt 0:00:26]} Kg5 {[%emt 0:00:43]} 88. Ke4 {[%emt 0:00:48]} Qb4+ {[%emt 0:00:44]} 89. Kd3 {[%emt 0:01:46]} Qf4 {[%emt 0:00:17]} 90. Rc5 {[%emt 0:01:40]} Kf6 {[%emt 0:00:18]} 91. Rd5 {[%emt 0:00:38]} Ke7 {[%emt 0:00:10]} 92. Kc3 {[%emt 0:00:34]} Qe4 {[%emt 0:00:13]} 93. Rb5 {[%emt 0:00:26]} Kd6 {[%emt 0:00:18]} 94. f6 {[%emt 0:00:48]} Kc6 {[%emt 0:00:22]} 95. f7 {[%emt 0:00:46]} Qf3+ {[%emt 0:00:21]} 96. Kb4 {[%emt 0:00:09]} Qf4+ {[%emt 0:00:24]} 97. Ka5 {[%emt 0:00:11]} Qd2+ {[%emt 0:01:24]} 98. Ka4 {[%emt 0:00:24]} Qa2+ {[%emt 0:00:07]} 99. Kb4 {[%emt 0:00:15]} Qb2+ {[%emt 0:00:05]} 0-1

[Event "FIDE WCCC U12 2018"]
[Site "Santiago de Compostela"]
[Date "2018.11.05"]
[Round "2"]
[White "Hu, Merric"]
[Black "Maurizzi, Marc Andria"]
[Result "1/2-1/2"]
[WhiteElo "1849"]
[BlackElo "2103"]
[Annotator "TA"]
[PlyCount "82"]
[EventDate "2018.11.04"]
[EventType "swiss"]
[EventCountry "ESP"]
[SourceTitle "playchess.com"]
[Source "ChessBase"]
[SourceQuality "1"]

{[%evp 23,82,0,0,0,0,-8,12,-2,30,14,23,0,7,-5,0,0,0,0,0,0,0,0,0,0,0,-13,0,-14,-14,-14,-8,-21,0,0,0,-23,-20,-36,-28,-41,-33,-27,0,-9,0,0,0,0,-6,-8,56,-25,-36,-72,6,-45,14,13,20,27,135]} 1. e4 e6 2. d4 d5 3. Nd2 c5 4. exd5 Qxd5 5. Ngf3 cxd4 6. Bc4 Qd8 7. O-O Nc6 8. Nb3 a6 {C07: French Tarrasch: 3...c5, 4 Ngf3 and 4 exd5 Qxd5} 9. Nbxd4 Nxd4 10. Nxd4 Qc7 11. Bb3 Bd6 12. h3 Ne7 {LiveBook: 11 Games} 13. c3 O-O 14. Qe2 Ng6 15. Rd1 {[#]} Be5 $146 ({Predecessor:} 15... b6) 16. Bg5 b6 17. Bc2 Bb7 18. Be4 Bh2+ 19. Kh1 {[#] Strongly threatening Bxb7.} Bf4 20. Bxb7 Qxb7 21. Bxf4 Nxf4 {[%csl Gf4][%cal Rb7g2]} 22. Qf3 Qxf3 23. Nxf3 Rfd8 24. Kh2 Kf8 25. g3 Nd3 26. Rd2 {[#] Rad1 is the strong threat.} Ke8 27. Kg2 Rd7 28. Kf1 Rad8 29. Ke2 e5 30. Ke3 f6 {[%cal Bf7f6,Bf6f5,Bf5f4][%mdl 32]} 31. Rb1 f5 32. Ke2 f4 33. Rdd1 h6 34. Ne1 Nc5 35. Rxd7 Rxd7 $11 {[%mdl 4096] Endgame KRN-KRN} 36. Nf3 Ne4 (36... Nd3 $11) 37. g4 ({White should play} 37. Nxe5 $14 Rd2+ 38. Kf3 Ng5+ 39. Kg4) 37... Nc5 38. Rc1 Rd6 ({Black should try} 38... e4 $17 39. Nd4 Kf7) 39. Rc2 (39. b4 $1 $11 Nd7 40. Nd2) 39... Nd3 (39... e4 $15 40. Nd4 Kf7) 40. Nd2 Nc5 41. b4 Ne6 {Precision: White = 42%, Black = 33%.} (41... Nb7 $11) 1/2-1/2

[Event "FIDE WCCC U12 2018"]
[Site "Santiago de Compostela"]
[Date "2018.11.05"]
[Round "2"]
[White "Arfan, Aditya Bagus"]
[Black "Yu, Jason"]
[Result "0-1"]
[WhiteElo "1841"]
[BlackElo "2097"]
[Annotator "NA RC"]
[PlyCount "106"]
[EventDate "2018.11.04"]
[EventType "swiss"]
[EventCountry "ESP"]
[SourceTitle "playchess.com"]
[Source "ChessBase"]
[SourceQuality "1"]
[TimeControl "40/5400+30:1800+30"]

{[%evp 10,104,-8,32767,32767,8,43,32767,50,32767,45,19,8,12,36,2,32767,32767,32767,32767,32767,-64,-75,-84,-81,-74,-76,-85,-109,-120,-163,-123,-137,-128,-116,-132,-89,-150,-146,-158,-131,-118,-124,-157,32767,32767,32767,32767,32767,32767,32767,32767,32767,32767,32767,32767,-1379,-1220,-441,-441,-670,-1306,-726,-2095,-29969,-29980,-544,-489,-418,-425,-551,-681,-737,-708,-1066,32767,32767,32767,-997,-741,32767,32767,32767,32767,32767,32767,32767,32767,-29981,-29980,-29981,-29983,0,-29979,32767,-29984,-29985]} 1. e4 {[%emt 0:00:00]} e5 {[%emt 0:00:00]} 2. Nf3 {[%emt 0:00:00]} Nc6 {[%emt 0:00:00]} 3. Bb5 {[%emt 0:00:23]} a6 {[%emt 0:00:00]} 4. Ba4 {[%emt 0:00:19]} Nf6 {[%emt 0:00:00]} 5. Qe2 {[%emt 0:00:11]} b5 {[%emt 0:01:38]} 6. Bb3 {[%emt 0:00:10]} d6 {[%emt 0:03:28]} 7. c3 {[%emt 0:00:26] LiveBook: 18 Games} h6 {[%emt 0:00:23] C77: Ruy Lopez: 3...a6 4 Ba4 Nf6, unusual lines} (7... Be7 8. O-O Bg4 9. h3 Bh5 10. Rd1 Na5 11. Bc2 c6 12. d4 Qc7 13. Nbd2 O-O 14. a4 Rfe8 15. axb5 axb5 16. g4 Bg6 17. dxe5 dxe5 18. b4 Nb7 19. Rxa8 Rxa8 20. Bb3 {½-½ (20) Mamedov,R (2624)-Filippov,A (2637) Nakhchivan 2012}) 8. O-O {[%emt 0:00:19]} Be7 {[%emt 0:02:11]} 9. d4 $146 {[%emt 0:01:38]} ({Predecessor:} 9. Rd1 Bg4 10. h3 Bxf3 11. Qxf3 O-O 12. d4 Qe8 13. Be3 Kh8 14. Nd2 {1-0 (29) Lyashenko,A (2022)-Koltsov,V (2064) Novokuznetsk 2014}) 9... Bg4 {[%emt 0:05:51]} 10. d5 {[%emt 0:06:02]} Na5 {[%emt 0:00:58]} 11. Bc2 {[%emt 0:00:08]} O-O {[%emt 0:05:47]} 12. a4 {[%emt 0:04:07]} Qd7 {[%emt 0:02:27]} 13. axb5 {[%emt 0:10:40]} axb5 {[%emt 0:00:09]} 14. Na3 {[%emt 0:00:35]} Nc4 {[%emt 0:05:04]} 15. b3 {[%emt 0:09:05] [#]} Nxa3 $1 {[%emt 0:03:45]} 16. Rxa3 {[%emt 0:00:54]} Rxa3 {[%emt 0:00:30]} 17. Bxa3 {[%emt 0:00:02]} Ra8 {[%emt 0:00:19]} 18. Ra1 {[%emt 0:04:21]} c6 {[%emt 0:08:55]} 19. c4 {[%emt 0:14:42]} cxd5 {[%emt 0:04:14]} 20. cxd5 {[%emt 0:00:32] [#]} b4 $1 {[%emt 0:06:24]} 21. Bb2 {[%emt 0:00:11]} Rxa1+ {[%emt 0:00:05]} 22. Bxa1 {[%emt 0:00:04]} Qa7 {[%emt 0:00:13]} 23. Qe1 {[%emt 0:03:03]} Bxf3 {[%emt 0:00:58]} 24. gxf3 {[%emt 0:02:22]} Nh5 {[%emt 0:00:59]} 25. Bb2 {[%emt 0:01:17]} Qc5 {[%emt 0:00:11]} 26. Bd3 {[%emt 0:03:14]} Nf4 {[%emt 0:01:03]} 27. Bc4 {[%emt 0:00:23]} Bh4 {[%emt 0:00:23]} 28. Bf1 {[%emt 0:03:56]} Qc2 {[%emt 0:01:45]} 29. Bc1 {[%emt 0:00:26]} Bxf2+ {[%emt 0:00:32]} 30. Qxf2 {[%emt 0:00:15]} Qxc1 {[%emt 0:00:03]} 31. Qb6 {[%emt 0:02:26]} Qc3 {[%emt 0:02:03]} 32. Kf2 {[%emt 0:06:02]} Qc2+ {[%emt 0:06:17]} 33. Kg3 {[%emt 0:01:32]} Qd1 {[%emt 0:03:06]} (33... Qxb3 $142 34. Qxd6 Qc3) 34. Bc4 {[%emt 0:00:51]} h5 {[%emt 0:01:22]} 35. Qf2 {[%emt 0:06:16]} Kh7 {[%emt 0:02:29]} 36. h3 {[%emt 0:03:14]} Qh1 {[%emt 0:02:07]} 37. Qf1 {[%emt 0:00:33]} Qxf1 {[%emt 0:02:08]} (37... h4+ $142 38. Kf2 Qh2+ 39. Ke1 Qc2) 38. Bxf1 {[%emt 0:00:02]} Kg6 {[%emt 0:00:39]} 39. Bb5 {[%emt 0:00:49]} Kf6 {[%emt 0:00:10]} 40. Bc4 {[%emt 0:00:00]} Ke7 {[%emt 0:00:00]} 41. Bb5 {[%emt 0:03:07]} Kd8 {[%emt 0:00:52]} 42. h4 {[%emt 0:00:14]} f6 {[%emt 0:00:34]} 43. Kf2 {[%emt 0:00:19]} g5 {[%emt 0:00:21]} 44. Kg3 {[%emt 0:00:07]} Kc7 {[%emt 0:00:05]} 45. Be8 {[%emt 0:00:09]} Kb6 {[%emt 0:00:46]} 46. hxg5 {[%emt 0:00:07]} fxg5 {[%emt 0:00:07]} 47. Bxh5 {[%emt 0:00:07]} Nxh5+ {[%emt 0:00:06]} 48. Kg4 {[%emt 0:00:04]} Nf4 {[%emt 0:00:18]} 49. Kxg5 $11 {[%emt 0:00:02]} Kc5 {[%emt 0:00:07]} (49... Nd3 50. f4) 50. Kf6 {[%emt 0:00:05]} Kb6 $11 {[%emt 0:01:21]} (50... Ne2 {setzt Matt} 51. Kg5 Nc1 52. f4 Nxb3 53. f5 Nd2 54. Kg6 Nxe4 55. Kg7 Kxd5 56. f6 b3 57. f7 Ng5 58. f8=R Ne6+ 59. Kf7 Nxf8 60. Kxf8 e4 61. Ke7 e3 62. Kf7 b2 63. Kg6 e2 64. Kf5 b1=Q+ 65. Kf6 e1=Q 66. Kg5 Qg3+ 67. Kf6 Qb7 68. Kf5 Qf7#) 51. Kf7 $2 {[%emt 0:00:30]} Kc7 {[%emt 0:00:47]} 52. Ke8 {[%emt 0:00:16]} Ng6 {[%emt 0:00:12]} 53. Kf7 {[%emt 0:00:07]} Nh4 {[%emt 0:00:52]} 0-1

[Event "FIDE WCCC U12 2018"]
[Site "Santiago de Compostela"]
[Date "2018.11.05"]
[Round "2"]
[White "Yavuz, Efe Metehan"]
[Black "Creanga, Robert-Ionut"]
[Result "1/2-1/2"]
[WhiteElo "1828"]
[BlackElo "2066"]
[Annotator "NA RC"]
[PlyCount "66"]
[EventDate "2018.11.04"]
[EventType "swiss"]
[EventCountry "ESP"]
[SourceTitle "playchess.com"]
[Source "ChessBase"]
[SourceQuality "1"]
[TimeControl "40/5400+30:1800+30"]

{[%evp 16,66,0,-6,-7,-47,-35,-47,-36,-51,32767,32767,32767,32767,32767,32767,-70,-84,-80,-102,-58,-72,-64,-72,32767,-62,32767,32767,32767,32767,32767,32767,32767,32767,-125,-272,-284,-387,-470,-465,-480,-615,-245,-269,-45,-72,32767,32767,27,30,32,31,39]} 1. Nf3 {[%emt 0:00:00]} c5 {[%emt 0:00:00]} 2. c4 Nc6 {[%emt 0:00:39]} 3. Nc3 {[%emt 0:00:11]} g6 {[%emt 0:00:22]} 4. g3 {[%emt 0:00:45]} Bg7 {[%emt 0:01:45]} 5. Bg2 {[%emt 0:00:19]} e6 {[%emt 0:00:57]} 6. O-O {[%emt 0:00:29]} Nge7 {[%emt 0:00:18]} 7. d3 {[%emt 0:00:35]} d5 {[%emt 0:01:41]} 8. cxd5 {[%emt 0:01:20]} exd5 {[%emt 0:00:14]} 9. Bd2 {[%emt 0:00:20] A37: Symmetrical English vs ...g6: 4 Bg2 Bg7 5 Nf3} O-O {[%emt 0:03:36]} 10. Qc1 {[%emt 0:03:30]} (10. a3 h6 11. Rb1 a5 12. Qc1 Kh7 13. Nb5 Qb6 14. a4 Na7 15. Nxa7 Qxa7 16. e4 Be6 17. Bc3 {0-1 (66) Dzagnidze,N (2520)-Muzychuk,A (2558) Doha 2016}) 10... d4 {[%emt 0:11:38]} 11. Ne4 {[%emt 0:01:11]} b6 {[%emt 0:00:20]} 12. Bh6 {[%emt 0:01:49] LiveBook: 4 Games} f5 {[%emt 0:16:46]} 13. Qc4+ $146 {[%emt 0:02:43]} ({Predecessor:} 13. Bxg7 Kxg7 14. Ned2 Bb7 15. b4 cxb4 16. Nb3 Qd6 {0-1 (46) Nguyen,H (2218)-Hoang,C (2405) Bac Giang 2016}) 13... Kh8 {[%emt 0:01:04]} 14. Bxg7+ {[%emt 0:00:08]} Kxg7 {[%emt 0:00:06]} 15. Neg5 {[%emt 0:04:59]} Qd6 {[%emt 0:09:02]} 16. h4 {[%emt 0:08:24]} h6 {[%emt 0:03:08]} 17. Nh3 {[%emt 0:00:08]} Be6 {[%emt 0:01:21]} 18. Qc1 {[%emt 0:00:18]} Rac8 {[%emt 0:04:13]} 19. Nf4 {[%emt 0:04:23]} Bg8 {[%emt 0:04:07]} 20. Re1 {[%emt 0:05:33]} Nd5 {[%emt 0:03:12]} 21. Qd2 {[%emt 0:13:53]} Rfe8 {[%emt 0:07:35]} 22. Bh3 {[%emt 0:08:14]} Nxf4 {[%emt 0:07:20]} 23. gxf4 {[%emt 0:01:29]} Bd5 {[%emt 0:01:55]} 24. Bg2 {[%emt 0:04:43]} Qf6 {[%emt 0:03:10]} 25. h5 {[%emt 0:00:08]} (25. a3 $17 {was worth a try.}) 25... gxh5 {[%emt 0:01:24]} 26. e3 {[%emt 0:04:04]} Kh8 {[%emt 0:02:34]} (26... Qg6 $2 27. Nh4 $17) 27. Kf1 {[%emt 0:02:51]} Rg8 {[%emt 0:01:59]} 28. Bh1 {[%emt 0:00:22]} dxe3 {[%emt 0:02:00]} (28... Rce8 $142 29. Ke2 Bxf3+ 30. Kxf3 Nb4) 29. fxe3 {[%emt 0:00:49]} Nb4 $2 {[%emt 0:07:00]} (29... Bxf3 $19 30. Bxf3 Rg3) 30. a3 {[%emt 0:01:03]} Bxf3 {[%emt 0:01:49]} 31. Bxf3 {[%emt 0:00:02]} Nc6 {[%emt 0:01:35]} 32. Qc3 $1 {[%emt 0:00:13]} Qxc3 {[%emt 0:01:00]} 33. bxc3 {[%emt 0:01:23]} Ne7 $14 {[%emt 0:00:31]} 1/2-1/2